| 000 | 00518cas a22002055a 4500 | ||
|---|---|---|---|
| 001 | L129661 | ||
| 008 | 050509c2005 xxkqr p 0 a0eng u | ||
| 035 | _a(Sirsi) u129661 | ||
| 041 | _aeng | ||
| 110 | 2 | _aLovells | |
| 245 | 0 | 0 | _aProperty Newsletter |
| 260 |
_aLondon _bLovells _c[200-?]-2005 |
||
| 362 | 0 | _aSeptember 2003-March 2005 | |
| 520 | _aKept for five years | ||
| 554 | _aFour per year | ||
| 651 | 4 |
_aEngland and Wales _y1543- |
|
| 690 | _aPROPERTY | ||
| 785 | 0 | 0 | _tReal Estate Quarterly |
| 942 | _n0 | ||
| 999 |
_c118798 _d118798 |
||